| 000 | 00766nam a22002172 4500 | ||
|---|---|---|---|
| 001 | 0000012915 | ||
| 005 | 20151217155854.0 | ||
| 008 | 090401s xx 000 0 eng d | ||
| 020 | _a9970841105 : | ||
| 040 |
_aKABU _cKABU |
||
| 100 | 1 |
_aOlum, Yasin. _@0000169914 |
|
| 245 | 1 | 3 |
_aAn Assessment of Graduated Personal Tax in financing decentralized local government in Uganda between 1998-2002 : _ba case study of Bushenyi district / _cYasin Olum, Mesharch Katusiimeh. |
| 250 | _a1st ed. | ||
| 260 |
_aKampala : _bNURRU, _c2004. |
||
| 300 | _axvi, 54 p. | ||
| 650 | 0 |
_aTaxation _zUganda. _@0000169915 |
|
| 700 | 1 |
_aKatusiimeh, Mesharch. _@0000169916 |
|
| 852 | 1 | _9p400 KES | |
| 908 | _a090401 | ||
| 950 | _@1 | ||
| 999 |
_c13553 _d13553 |
||